000 00474nam a2200181 i 4500
001 bg
100 1 _aGRODZKA, Magdalena
245 0 _aDziecko autystyczne :
_bdziennik terapeuty /
_cMagdalena Grodzka.
260 _aWarszawa :
_bPaƄstwowe Wydaw. Naukowe,
_c1984.
300 _a101, [3] s. ;
_c20 cm.
020 _a8301053844
040 _cBPK
041 _apol
080 _a376.4
920 _a83-01-05384-4
942 _cKS
008 s pl f |000 0 pol
999 _c1197
_d1197
856 _uhttp://koha.tu.koszalin.pl/cgi-bin/koha/opac-detail.pl?biblionumber=1197
_yKatalog online BPK